| 000 | 00713nam a2200241 a 4500 | ||
|---|---|---|---|
| 008 | |||
| 020 | _a141290806X (pbk. ) | ||
| 049 | _aMAIN | ||
| 090 | _aLB1028.24 MCN | ||
| 100 | 1 | _aMcNiff, Jean | |
| 245 | 1 | 0 |
_aAll you need to know about action research / _cJean McNiff & Jack Whitehead. |
| 260 |
_aLondon : _bSAGE Pubications, _c2006. |
||
| 300 |
_av, 274 p. : _bill. ; _c26 cm. |
||
| 500 | _aIncludes index. | ||
| 500 | _aIncludes bibliographical references. | ||
| 650 | 1 | _aAction research. | |
| 700 | _aWhitehead, Jack. | ||
| 907 |
_a.b10251856 _b02-11-07 _c26-09-07 |
||
| 003 | |||
| 005 | 20230123134509.0 | ||
| 040 | _cNUST | ||
| 942 |
_cBOOKS _kLB1028.24 MCN |
||
| 999 |
_c166944 _d166944 |
||